书目信息 |
| 题名: |
绘画透视原理与技法
|
|
| 作者: | 李蜀光 编著 | |
| 分册: | ||
| 出版信息: | 重庆 西南师范大学出版社 1994 |
|
| 页数: | 289页 | |
| 开本: | 26cm | |
| 丛书名: | 21世纪美术教育丛书 | |
| 单 册: | ||
| 中图分类: | J206.2 | |
| 科图分类: | ||
| 主题词: | 绘画透视--高等学校--教材 | |
| 电子资源: | ||
| ISBN: | 7-5621-0961-3 | |
| 000 | 00723nam2 2200241 45 | |
| 001 | 0195011699 | |
| 005 | 20070702151148.56 | |
| 010 | @a7-5621-0961-3@dCNY25.00 | |
| 100 | @a19950207d1994 y0chiy0121 ea | |
| 101 | 0 | @achi |
| 102 | @aCN@b510000 | |
| 105 | @aa z 000yy | |
| 200 | 10 | @a绘画透视原理与技法@Ahui hua tou shi yuan li yu ji fa@f李蜀光编著@Fli shu guang bian zhu |
| 210 | @a重庆@c西南师范大学出版社@d1994 | |
| 215 | @a289页@c插图@d26cm | |
| 225 | @a21世纪美术教育丛书 | |
| 314 | @a李蜀光,西南师范大学任教 | |
| 410 | @12001 @a21世纪美术教育丛书 | |
| 606 | @a绘画透视@x高等学校@x教材 | |
| 690 | @aJ206.2@v4 | |
| 701 | 0 | @a李蜀光@Ali shu guang@4编著 |
| 801 | 0 | @aCN@bNLC@c20070702 |
| 905 | @dJ206.2@e238 | |
| 绘画透视原理与技法/李蜀光编著.-重庆:西南师范大学出版社,1994 |
| 289页:插图;26cm.-(21世纪美术教育丛书) |
| ISBN 7-5621-0961-3:CNY25.00 |
| ● |
| 相关链接 |
|
|
|
|
正题名:绘画透视原理与技法
索取号:J206.2/238
 
预约/预借
| 序号 | 登录号 | 条形码 | 馆藏地/架位号 | 状态 | 备注 |
| 1 | 0339670 | 203396707 | 第一样本阅览室/ [索取号:J206.2/238] | 在馆 | |
| 2 | 0339671 | 203396716 | 第一借阅区/ [索取号:J206.2/238] | 在馆 | |
| 3 | 0339672 | 203396725 | 第一借阅区/ [索取号:J206.2/238] | 在馆 | |
| 4 | 0339673 | 203396734 | 第一借阅区/ [索取号:J206.2/238] | 在馆 | |
| 5 | 0339674 | 203396743 | 第一借阅区/ [索取号:J206.2/238] | 在馆 | |
| 6 | 0659576 | 206595763 | 库房3/ [索取号:J206.2/238] | 在馆 | |
| 7 | 0659577 | 206595772 | 库房3/ [索取号:J206.2/238] | 在馆 | |
| 8 | 0659578 | 206595781 | 库房3/ [索取号:J206.2/238] | 在馆 | |
| 9 | 0659579 | 206595790 | 库房3/ [索取号:J206.2/238] | 在馆 | |
| 10 | 0659580 | 206595807 | 库房3/ [索取号:J206.2/238] | 在馆 | |
| 11 | 0659581 | 206595816 | 库房3/ [索取号:J206.2/238] | 在馆 | |
| 12 | 0764229 | 207642292 | 密集书库/ [索取号:J206.2/238] | 在馆 |